Catalog

Record Details

Catalog Search



Život Chasidů  Cover Image Book Book

Život Chasidů / Martin Buber ; [přeložila a poznámku napsala Alena Bláhová]

Buber, Martin, 1878-1965 (Author). Bláhová, Alena, 1954- (Author of introduction, etc., Translator).

Record details

  • Physical Description: 42 s. ; 20 cm
  • Publisher: Praha : Arbor vitae, 1994

Content descriptions

General Note:
Přeloženo z němčiny
Vychází ve spolupráci s firmou IMP Nové Město nad Metují
Subject: učení chasidismu
chasidi
duchovní cesta
židovská mystika
Genre: pojednání

Available copies

  • 2 of 2 copies available at Common Catalog SPOK.

Holds

  • 0 current holds with 2 total copies.
Show Only Available Copies
Location Call Number / Copy Notes Barcode Shelving Location Status Due Date
Jabok Library RE-4.2 424480002903 Odborná literatura Available -
The Jewish community of Prague J 1355 4638304406 J - Judaika Available -

LDR 01347nam a2200421 a 4500
00115916
003CZ-PrJAB
00520160229091655.0
007ta
008980408s1994 xr e 000 0 cze
015 . ‡acnb000307503
020 . ‡q(Brož.)
035 . ‡a(CZ PrNK)cpk19980307503
035 . ‡a(OCoLC)883369828
040 . ‡aABA001 ‡bcze
0411 . ‡acze ‡hger
072 7. ‡a26 ‡xJudaismus ‡2Konspekt ‡95
080 . ‡a26-832-1/-9 ‡2MRF
080 . ‡a26-832-051 ‡2MRF
080 . ‡a26-584.5 ‡2MRF
080 . ‡a26-587 ‡2MRF
080 . ‡a(049) ‡2MRF
1001 . ‡aBuber, Martin, ‡d1878-1965 ‡7jn19990009521 ‡4aut
24510. ‡aŽivot Chasidů / ‡cMartin Buber ; [přeložila a poznámku napsala Alena Bláhová]
260 . ‡aPraha : ‡bArbor vitae, ‡c1994
300 . ‡a42 s. ; ‡c20 cm
500 . ‡aPřeloženo z němčiny
500 . ‡aVychází ve spolupráci s firmou IMP Nové Město nad Metují
65007. ‡aučení chasidismu ‡7ph164203 ‡2czenas
65007. ‡achasidi ‡7ph117306 ‡2czenas
65007. ‡aduchovní cesta ‡7ph119626 ‡2czenas
65007. ‡ažidovská mystika ‡7ph127994 ‡2czenas
655 7. ‡apojednání ‡7fd133056 ‡2czenas
7001 . ‡aBláhová, Alena, ‡d1954- ‡7jn20000400201 ‡4aui ‡4trl
7650 . ‡tWerke. Schriften zum Chassidismus ‡9Česky
7651 . ‡tSchriften zum Chassidismus ‡9Česky
910 . ‡aABG312
910 . ‡aABE461
995 . ‡aska
901 . ‡a15916 ‡bUnknown ‡c15916 ‡tbiblio

Additional Resources